Entrada Término de materia
Número de registros utilizados en: 65
001 - NÚMERO DE CONTROL
- Campo de control: 29460
003 - IDENTIFICADOR DE NÚMERO DE CONTROL
- Campo de control: ES-MaCES
005 - FECHA Y HORA DE LA ULTIMA MODIFICACION
- Campo de control: 19981120142300.0
008 - ELEMENTOS DE DATOS DE LONGITUD FIJA
- Campo de longitud fija: 981120 | azznnbabn || ana d
035 ## - NÚMERO DE CONTROL DEL SISTEMA
- Número de control del sistema: (ILOT)1118
035 ## - NÚMERO DE CONTROL DEL SISTEMA
- Número de control del sistema: CES19980030216s
040 ## - FUENTE DE LA CATALOGACIÓN
- Agencia original de catalogación: ES-MaCES
- Idioma de catalogación: spa
- Agencia de transcripción: ES-MaCES
072 #7 - CÓDIGO DE CATEGORIA DE MATERIA
- Código de categoría temática: 04.01.8
- Fuente del código: ilot
150 ## - ENCABEZAMIENTO--MATERIA
- Término de materia o geográfico como elemento de entrada: tribunal
550 ## - TRAZADO VEÁSE ADEMÁS--MATERIA
- Término de materia o nombre geográfica como elemento de entrada: administración de justicia
550 ## - TRAZADO VEÁSE ADEMÁS--MATERIA
- Término de materia o nombre geográfica como elemento de entrada: competencia legal
550 ## - TRAZADO VEÁSE ADEMÁS--MATERIA
- Subcampo de control: h
- Término de materia o nombre geográfica como elemento de entrada: tribunal constitucional
550 ## - TRAZADO VEÁSE ADEMÁS--MATERIA
- Subcampo de control: h
- Término de materia o nombre geográfica como elemento de entrada: tribunal del trabajo
550 ## - TRAZADO VEÁSE ADEMÁS--MATERIA
- Subcampo de control: h
- Término de materia o nombre geográfica como elemento de entrada: tribunal internacional
550 ## - TRAZADO VEÁSE ADEMÁS--MATERIA
- Subcampo de control: h
- Término de materia o nombre geográfica como elemento de entrada: tribunal supremo
750 #7 - ENTRADA DE ENLACE DE ENCABEZAMIENTO ESTABLECIDO--MATERIA
- Término de materia o nombre geográfico como elemento de entrada: cour
- Fuente del encabezamiento o término: tbit
750 #7 - ENTRADA DE ENLACE DE ENCABEZAMIENTO ESTABLECIDO--MATERIA
- Término de materia o nombre geográfico como elemento de entrada: court
- Fuente del encabezamiento o término: ilot
901 ## - CES. DATOS SIRTEX
- ID Sirtex (N5N8): 0007700003021
- 005BIS Sirtex: 199811201423BATCH
903 ## - CES. DATOS ATES
- Fecha de incorporación 1978: 04/05/78

